A Dictionary of Economics (Record no. 805)
[ view plain ]
| 000 -LEADER | |
|---|---|
| Fixed length control field | 00484nam a2200181 4500 |
| 003 - CONTROL NUMBER IDENTIFIER | |
| Control field | SEACOMMC |
| 005 - DATE AND TIME OF LATEST TRANSACTION | |
| Control field | 20250425140717.0 |
| 008 - FIXED-LENGTH DATA ELEMENTS--GENERAL INFORMATION | |
| Fixed length control field | 241128b |||||||| |||| 00| 0 eng d |
| 020 ## - INTERNATIONAL STANDARD BOOK NUMBER / ISBN | |
| International Standard Book Number | 0-19860-767-9 |
| Price | Rs.245.00 |
| 040 ## - CATALOGING SOURCE | |
| Original cataloging agency | SEACOMMC |
| 082 ## - DEWEY DECIMAL CLASSIFICATION NUMBER | |
| Classification number | 330 .03 |
| Book Number | B 627 |
| 100 ## - MAIN ENTRY--PERSONAL NAME | |
| Personal name | Black, John |
| 245 1# - TITLE STATEMENT | |
| Title | A Dictionary of Economics |
| Statement of responsibility | John Black |
| 250 ## - EDITION STATEMENT | |
| Edition statement | 2nd ed. |
| 260 ## - IMPRINT | |
| Place of publication | New Delhi |
| Name of publisher | Oxford University Press |
| Date of publication | 2003 |
| 650 ## - SUBJECT ADDED ENTRY--TOPICAL TERM | |
| Topical term | Economics -- Dictionaries |
| 942 ## - ADDED ENTRY ELEMENTS (KOHA) | |
| Koha item type | Books |
| Withdrawn status | Lost status | Source of classification | Damaged status | Not for loan | Home library | Current library | Shelving location | Date acquired | Total Checkouts | Call number | Accession number | Date last seen | Price effective from | Koha item type |
|---|---|---|---|---|---|---|---|---|---|---|---|---|---|---|
| Dewey Decimal Classification | SEACOM MANAGEMENT COLLEGE | SEACOM MANAGEMENT COLLEGE | Reference | 27/11/2007 | 330 .03 B 627 | M-1058 | 28/11/2024 | 28/11/2024 | Books |
